Use of Artificial Intelligence in Category Management
Tento článok poskytuje preskúmanie integrácie umelej inteligencie do správy kategórií a zdôrazňuje jej významný vplyv na maloobchodné operácie a stratégie. Štúdia sa zameriava na päť kľúčových oblastí: rozhodovanie založené na údajoch, zapojenie zákazníkov a personalizácia, optimalizácia dodávateľsk...
Na minha lista:
| Autor principal: | |
|---|---|
| Formato: | Capítulo de Livro |
| Idioma: | inglês |
| Assuntos: | |
| Tags: |
Sem tags, seja o primeiro a adicionar uma tag!
|
MARC
| LEADER | 00000naa$a2200000$$$4500 | ||
|---|---|---|---|
| 001 | 0298381 | ||
| 005 | 20240502074524.2 | ||
| 041 | 0 | |a eng | |
| 044 | |a SK | ||
| 245 | 1 | 0 | |a Use of Artificial Intelligence in Category Management |c Michal Jankovič |
| 520 | |a Tento článok poskytuje preskúmanie integrácie umelej inteligencie do správy kategórií a zdôrazňuje jej významný vplyv na maloobchodné operácie a stratégie. Štúdia sa zameriava na päť kľúčových oblastí: rozhodovanie založené na údajoch, zapojenie zákazníkov a personalizácia, optimalizácia dodávateľského reťazca, dynamická tvorba cien a analýza trendov na trhu. | ||
| 610 | 2 | 0 | |a inteligencia umelá |
| 610 | 2 | 0 | |a manažment |
| 610 | 2 | 0 | |a maloobchod |
| 610 | 2 | 0 | |a zákazníci |
| 610 | 2 | 0 | |a optimalizácia |
| 100 | 1 | |a Jankovič, Michal, 1993- | |